000
00222nam a2200097Ia 4500
005
20251222114357.0
008
251222s1900||||xx |||||||||||||| ||spa||
082
_a
DVD0060/G49/1979
245
0
_a
La banda militar:
942
_c
DVD
999
_c
1495
_d
1495